[Event "5. OPEN International Championship of Vo"]
[Site "Novi Sad - MASTER CENTAR - SAJ"]
[Date "2014.07.14"]
[Round "4.1"]
[White "Liou, Yian"]
[Black "Atalik, Suat"]
[Result "1/2-1/2"]
[WhiteElo "2387"]
[BlackElo "2551"]
[PlyCount "31"]
[EventDate "2014.07.12"]

1. e4 e6 2. d4 d5 3. Nd2 c5 4. Ngf3 Nf6 5. exd5 Nxd5 6. Nb3 cxd4 7. Nbxd4 Qb6
8. c3 Bc5 9. Bc4 Nc6 10. Bxd5 Nxd4 11. Nxd4 Bxd4 12. Qxd4 Qxd4 13. cxd4 exd5
14. Bf4 Bd7 15. Rc1 Bc6 16. Kd2 1/2-1/2

[Event "5. OPEN International Championship of Vo"]
[Site "Novi Sad - MASTER CENTAR - SAJ"]
[Date "2014.07.14"]
[Round "4.2"]
[White "Mrkonjic, Nenad"]
[Black "Azaladze, Shota"]
[Result "1/2-1/2"]
[WhiteElo "2373"]
[BlackElo "2499"]
[PlyCount "94"]
[EventDate "2014.07.12"]

1. d4 g6 2. e4 Bg7 3. Nc3 c6 4. Be3 Qb6 5. Rb1 d6 6. Bc4 Nf6 7. f3 d5 8. exd5
Qb4 9. Bb3 cxd5 10. Nge2 O-O 11. O-O e6 12. a3 Qe7 13. Qd2 b6 14. Rfe1 Ba6 15.
Nf4 Nc6 16. Nd3 Rfc8 17. Ne2 Na5 18. Ba2 Bc4 19. Nec1 Bxa2 20. Nxa2 Nc4 21. Qf2
Nxe3 22. Rxe3 Ne8 23. c3 Nd6 24. Nab4 Qd7 25. Ne5 Qb5 26. Qf1 Qa4 27. Qd1 Qe8
28. Nbd3 a5 29. Re2 Qb5 30. Ng4 Ra7 31. g3 Rac7 32. Ne3 Qd7 33. Kg2 Rd8 34. Rf2
Nc4 35. Qe2 Qb5 36. Re1 Qc6 37. Nxc4 dxc4 38. Ne5 Qd5 39. Qe4 b5 40. Qxd5 exd5
41. Ng4 Ra7 42. Rfe2 Kf8 43. Ra1 Re7 44. Rxe7 Kxe7 45. f4 h5 46. Ne3 Kd6 47.
Kf3 Kc6 1/2-1/2

[Event "5. OPEN International Championship of Vo"]
[Site "Novi Sad - MASTER CENTAR - SAJ"]
[Date "2014.07.14"]
[Round "4.3"]
[White "Drazic, Sinisa"]
[Black "Obodchuk, Andrei"]
[Result "1-0"]
[WhiteElo "2430"]
[BlackElo "2374"]
[PlyCount "119"]
[EventDate "2014.07.12"]

1. d4 Nf6 2. Bg5 Ne4 3. Bf4 c5 4. f3 Nf6 5. dxc5 b6 6. cxb6 Qxb6 7. Bc1 e5 8.
e3 d5 9. Nc3 Bb4 10. Nge2 Be6 11. a3 Bd6 12. Ng3 h5 13. Qd3 a6 14. b3 Nbd7 15.
Bb2 Nc5 16. Qd2 h4 17. Nge2 Rd8 18. O-O-O d4 19. exd4 exd4 20. Nxd4 Be5 21.
Nce2 O-O 22. Qe3 Rd5 23. Nf4 Bxf4 24. Qxf4 Nxb3+ 25. cxb3 Rc8+ 26. Bc4 Rb5 27.
Nxb5 axb5 28. Rd6 Qb8 29. Rd4 Qa8 30. Rhd1 bxc4 31. bxc4 Ne8 32. Kb1 Qa4 33.
Rc1 Nf6 34. Ka1 Nd7 35. Qxh4 f6 36. Qe1 Nc5 37. Rc3 Bf7 38. Qd1 Qa5 39. Rd5 Qa8
40. Qd4 Na4 41. Rd3 Nxb2 42. Kxb2 Qb8+ 43. Rb3 Qxh2 44. Rd8+ Rxd8 45. Qxd8+ Kh7
46. Qd3+ Bg6 47. Qe2 Qg1 48. a4 Qb1+ 49. Ka3 Qc1+ 50. Kb4 Bc2 51. a5 Bxb3 52.
Kxb3 Qb1+ 53. Ka4 f5 54. c5 Qa1+ 55. Kb5 Qd4 56. a6 Qd7+ 57. Kb4 Kh6 58. Qe3+
Kh5 59. Qf4 g5 60. Qxf5 1-0

[Event "5. OPEN International Championship of Vo"]
[Site "Novi Sad - MASTER CENTAR - SAJ"]
[Date "2014.07.14"]
[Round "4.4"]
[White "Burovic, Ismet"]
[Black "Nestorovic, Dejan"]
[Result "1/2-1/2"]
[WhiteElo "2366"]
[BlackElo "2408"]
[PlyCount "106"]
[EventDate "2014.07.12"]

1. e4 c5 2. d3 Nc6 3. g3 g6 4. Bg2 Bg7 5. f4 d6 6. Nf3 e6 7. O-O Nge7 8. c3 O-O
9. Be3 b6 10. Bf2 Ba6 11. Re1 Qd7 12. Na3 e5 13. Nc4 exf4 14. gxf4 d5 15. Nce5
Nxe5 16. Nxe5 Qd6 17. Bg3 dxe4 18. dxe4 Rad8 19. Qa4 Bb7 20. Qxa7 Qc7 21. Nc4
Nc8 22. Qa4 Bc6 23. Qc2 b5 24. f5 Qe7 25. Ne3 Be5 26. Qf2 Bxg3 27. Qxg3 Rd2 28.
Nd5 Bxd5 29. exd5 Qd6 30. fxg6 hxg6 31. b3 Qxg3 32. hxg3 Rd3 33. Rad1 Rxd1 34.
Rxd1 Nd6 35. Ra1 Ra8 36. a3 Kf8 37. Kf2 Ke7 38. Ke3 Kd7 39. Kf4 Kc7 40. Bf1 c4
41. bxc4 Ra4 42. Ke5 bxc4 43. Be2 Nb5 44. Rf1 f5 45. Rh1 Nxc3 46. Bf3 Nb5 47.
Rh7+ Kb6 48. d6 Rxa3 49. Rb7+ Kc5 50. d7 Re3+ 51. Kf6 Rd3 52. Ke7 Re3+ 53. Kf6
Rd3 1/2-1/2

[Event "5. OPEN International Championship of Vo"]
[Site "Novi Sad - MASTER CENTAR - SAJ"]
[Date "2014.07.14"]
[Round "4.5"]
[White "Popovic, Dusan"]
[Black "Egorov, Evgeny"]
[Result "0-1"]
[WhiteElo "2527"]
[BlackElo "2358"]
[PlyCount "68"]
[EventDate "2014.07.12"]

1. e4 c5 2. Nf3 Nc6 3. Bb5 g5 4. Nxg5 Nf6 5. d3 Rg8 6. Bxc6 dxc6 7. Rg1 Qc7 8.
Nf3 c4 9. Nc3 cxd3 10. Qxd3 Be6 11. Bd2 b5 12. b3 Rd8 13. Qe2 Rxd2 14. Qxd2 b4
15. Na4 Nxe4 16. Qxb4 Rg4 17. h3 Bd5 18. O-O-O Rf4 19. Nc3 e6 20. Nxd5 cxd5 21.
Qa4+ Kd8 22. Nd4 Nc3 23. Qa6 Bh6 24. Kb2 Bg7 25. Nc6+ Kd7 26. Rd3 Ne2+ 27. Kb1
Nxg1 28. c4 Qxc6 29. Qxa7+ Qc7 30. Qa4+ Ke7 31. Qa3+ Qd6 32. Qa7+ Kf6 33. f3
Ne2 34. Qe3 Qe5 0-1

[Event "5. OPEN International Championship of Vo"]
[Site "Novi Sad - MASTER CENTAR - SAJ"]
[Date "2014.07.14"]
[Round "4.6"]
[White "Savic, Miodrag R"]
[Black "Pasko, Llambi"]
[Result "1-0"]
[WhiteElo "2522"]
[BlackElo "2285"]
[PlyCount "67"]
[EventDate "2014.07.12"]

1. e4 c6 2. d4 d5 3. e5 c5 4. c3 Nc6 5. Be2 cxd4 6. cxd4 Qb6 7. Nc3 e6 8. Nf3
Nge7 9. a3 Nf5 10. Na4 Qd8 11. b4 Be7 12. Bb2 a6 13. Bd3 g6 14. Qd2 O-O 15. O-O
f6 16. Bxf5 exf5 17. Rac1 fxe5 18. dxe5 Be6 19. Nc5 Bxc5 20. Rxc5 Qe7 21. Qg5
Qg7 22. Qf4 h6 23. h4 Kh7 24. Rfc1 Rac8 25. R1c2 Rfe8 26. a4 Qf8 27. b5 axb5
28. axb5 Na5 29. Rc7+ Rxc7 30. Rxc7+ Kg8 31. h5 g5 32. Nxg5 hxg5 33. Qxg5+ Kh8
34. Ba3 1-0

[Event "5. OPEN International Championship of Vo"]
[Site "Novi Sad - MASTER CENTAR - SAJ"]
[Date "2014.07.14"]
[Round "4.7"]
[White "Kadric, Denis"]
[Black "Nestorovic, Lazar"]
[Result "1/2-1/2"]
[WhiteElo "2494"]
[BlackElo "2331"]
[PlyCount "36"]
[EventDate "2014.07.12"]

1. e4 e6 2. d4 d5 3. Nd2 dxe4 4. Nxe4 Nd7 5. g3 Ngf6 6. Nxf6+ Nxf6 7. Bg2 Be7
8. Nf3 O-O 9. O-O Rb8 10. Re1 Nd7 11. Qe2 Bd6 12. Bg5 Qe8 13. Rad1 b6 14. d5 e5
15. Nd4 Ra8 16. Nf5 Nc5 17. Bh3 f6 18. Be3 Qg6 1/2-1/2

[Event "5. OPEN International Championship of Vo"]
[Site "Novi Sad - MASTER CENTAR - SAJ"]
[Date "2014.07.14"]
[Round "4.8"]
[White "Stocko, Josip"]
[Black "Radlovacki, Jovan"]
[Result "1/2-1/2"]
[WhiteElo "2269"]
[BlackElo "2443"]
[PlyCount "51"]
[EventDate "2014.07.12"]

1. e4 d5 2. exd5 Qxd5 3. Nc3 Qd8 4. d4 Nf6 5. Nf3 Bg4 6. h3 Bxf3 7. Qxf3 c6 8.
Be3 e6 9. O-O-O Nbd7 10. Kb1 Bd6 11. Bd3 Qa5 12. Bd2 Qc7 13. g4 Nf8 14. g5 Nd5
15. Nxd5 cxd5 16. h4 O-O-O 17. h5 Qe7 18. Qg4 Nd7 19. Rde1 Kb8 20. Rh3 g6 21.
Reh1 Rhg8 22. hxg6 hxg6 23. Rh7 Nf8 24. R7h3 Nd7 25. Rh7 Nf8 26. R7h3 1/2-1/2

[Event "5. OPEN International Championship of Vo"]
[Site "Novi Sad - MASTER CENTAR - SAJ"]
[Date "2014.07.14"]
[Round "4.9"]
[White "Nestorovic, Nikola"]
[Black "Desnica, Vladan"]
[Result "1/2-1/2"]
[WhiteElo "2439"]
[BlackElo "2254"]
[PlyCount "167"]
[EventDate "2014.07.12"]

1. e4 e5 2. Nf3 Nc6 3. Bb5 Nf6 4. O-O Nxe4 5. d4 Nd6 6. Bxc6 dxc6 7. dxe5 Nf5
8. Qxd8+ Kxd8 9. h3 h6 10. Rd1+ Ke8 11. Nc3 Ne7 12. Bf4 Ng6 13. Bh2 Bb4 14. Ne2
Bd7 15. c4 Be7 16. Nc3 Be6 17. b3 Ba3 18. Ne2 c5 19. Nc3 a6 20. Nd5 Rc8 21. h4
b5 22. Rd3 Bf5 23. Rd2 Nf8 24. e6 Nxe6 25. Re1 c6 26. Nc7+ Kf8 27. Nxa6 Ra8 28.
Nb8 Bb4 29. Rxe6 Bxd2 30. Bd6+ Kg8 31. Re5 Bf4 32. Re8+ Kh7 33. Rxh8+ Kxh8 34.
Bxf4 Rxa2 35. Nxc6 bxc4 36. bxc4 Be6 37. Nd2 Ra4 38. g3 Bxc4 39. Nxc4 Rxc4 40.
Ne5 Ra4 41. Nxf7+ Kg8 42. Ne5 c4 43. Kf1 Ra1+ 44. Ke2 Ra2+ 45. Kf3 c3 46. Nd3
Kf7 47. Ke3 c2 48. Kd2 Ke6 49. h5 Kf5 50. f3 g6 51. hxg6 Kxg6 52. Ne1 c1=Q+ 53.
Kxc1 h5 54. Nc2 Ra4 55. Be3 h4 56. g4 h3 57. Bg1 Rf4 58. Ne1 Ra4 59. Bh2 Ra2
60. Nc2 Kg5 61. Bg3 Ra7 62. Kd1 Ra2 63. Kd2 Ra7 64. Ke3 Ra2 65. Kd3 Ra4 66. Ne3
Ra3+ 67. Kd4 Ra4+ 68. Kd3 Ra3+ 69. Kd2 Ra2+ 70. Nc2 Ra4 71. Kd3 Ra2 72. Bh2 Ra4
73. Nd4 Ra3+ 74. Kd2 Ra2+ 75. Nc2 Ra4 76. Bg3 Ra7 77. Kc1 Ra4 78. Kb2 Ra7 79.
Ne3 Rf7 80. Nf5 Rh7 81. Bh2 Rf7 82. Nd6 Rd7 83. Ne4+ Kg6 84. Nf2 {...102 moves}
1/2-1/2

[Event "5. OPEN International Championship of Vo"]
[Site "Novi Sad - MASTER CENTAR - SAJ"]
[Date "2014.07.14"]
[Round "4.10"]
[White "Arsovic, Zoran"]
[Black "Petkovic, Radosav"]
[Result "1-0"]
[WhiteElo "2433"]
[BlackElo "2253"]
[PlyCount "83"]
[EventDate "2014.07.12"]

1. Nf3 f5 2. g3 Nf6 3. Bg2 g6 4. O-O Bg7 5. d4 d6 6. Nbd2 O-O 7. c3 Nc6 8. b4
a6 9. Qb3+ e6 10. a4 Bd7 11. Bb2 Kh8 12. c4 Qe7 13. b5 Na5 14. Qb4 b6 15. Ne5
Ra7 16. e4 Be8 17. exf5 gxf5 18. Nd3 Nh5 19. Rae1 axb5 20. axb5 Qd7 21. Bc3 Bg6
22. f4 Bf7 23. Qb2 Bg8 24. Nb4 Nf6 25. d5 exd5 26. Nxd5 Nxd5 27. cxd5 Bxc3 28.
Qxc3+ Qg7 29. Qxg7+ Kxg7 30. Re7+ Rf7 31. Rxf7+ Bxf7 32. Rc1 Kf6 33. Kf2 Ke7
34. Ke3 Kd7 35. Bf3 Bg6 36. g4 fxg4 37. Bxg4+ Kd8 38. Be6 Ke7 39. f5 Be8 40.
Rg1 Bxb5 41. Ne4 Nc4+ 42. Kf4 1-0

[Event "5. OPEN International Championship of Vo"]
[Site "Novi Sad - MASTER CENTAR - SAJ"]
[Date "2014.07.14"]
[Round "4.11"]
[White "Ljubinkovic, Miodrag"]
[Black "Tosic, Miroslav"]
[Result "0-1"]
[WhiteElo "2254"]
[BlackElo "2427"]
[PlyCount "78"]
[EventDate "2014.07.12"]

1. d4 Nf6 2. Nf3 c6 3. c3 d5 4. Bf4 Bf5 5. e3 Nbd7 6. Nbd2 Qb6 7. Qb3 Nh5 8.
Bg3 Nxg3 9. hxg3 h6 10. Be2 e6 11. O-O Be7 12. Rfc1 g5 13. c4 h5 14. cxd5 Qxb3
15. Nxb3 exd5 16. Nc5 Nxc5 17. dxc5 Bf6 18. Nd4 Bxd4 19. exd4 Kd8 20. f3 h4 21.
Kf2 hxg3+ 22. Kxg3 Rh4 23. Rd1 b6 24. Rd2 bxc5 25. dxc5 a5 26. a3 Rb8 27. Re1
Bd7 28. Kf2 Ke7 29. Rg1 Kf6 30. Re1 Rb7 31. Rc1 Rb3 32. g4 Be6 33. Rc3 Rb8 34.
Bf1 Rh1 35. Re3 Rbh8 36. Bg2 Rc1 37. Rb3 Rc4 38. Rb6 Rc8 39. Ke3 Ke5 {...52
moves} 0-1

[Event "5. OPEN International Championship of Vo"]
[Site "Novi Sad - MASTER CENTAR - SAJ"]
[Date "2014.07.14"]
[Round "4.12"]
[White "Saric, Sinisa"]
[Black "Budimir, Boris"]
[Result "1-0"]
[WhiteElo "2400"]
[BlackElo "2244"]
[PlyCount "29"]
[EventDate "2014.07.12"]

1. d4 Nf6 2. c4 g6 3. Nc3 Bg7 4. e4 d6 5. Nf3 O-O 6. Be2 e5 7. d5 a5 8. Be3 Na6
9. Nd2 c6 10. a3 cxd5 11. cxd5 Nxe4 12. Ndxe4 f5 13. Bg5 Qd7 14. Nd2 e4 15. Nc4
1-0

[Event "5. OPEN International Championship of Vo"]
[Site "Novi Sad - MASTER CENTAR - SAJ"]
[Date "2014.07.14"]
[Round "4.13"]
[White "Napoli, Nicolo'"]
[Black "Leskur, Dejan"]
[Result "1/2-1/2"]
[WhiteElo "2267"]
[BlackElo "2393"]
[PlyCount "33"]
[EventDate "2014.07.12"]

1. e4 g6 2. d4 Bg7 3. Nc3 c6 4. Nf3 d5 5. Bf4 Bg4 6. h3 Bxf3 7. Qxf3 dxe4 8.
Nxe4 Nf6 9. c3 Nxe4 10. Qxe4 Nd7 11. Bc4 O-O 12. O-O e6 13. Rad1 Qb6 14. Qc2
Rfe8 15. Rfe1 Rad8 16. Bg3 Nf6 17. Be5 1/2-1/2

[Event "5. OPEN International Championship of Vo"]
[Site "Novi Sad - MASTER CENTAR - SAJ"]
[Date "2014.07.14"]
[Round "4.14"]
[White "Kumic, Filip"]
[Black "Cabarkapa, Novak"]
[Result "1/2-1/2"]
[WhiteElo "2248"]
[BlackElo "2386"]
[PlyCount "82"]
[EventDate "2014.07.12"]

1. Nf3 Nf6 2. d4 g6 3. c4 Bg7 4. Nc3 O-O 5. e4 d6 6. Be2 Qe8 7. O-O e5 8. dxe5
dxe5 9. Nd5 Na6 10. Nxf6+ Bxf6 11. Be3 Qe7 12. Qc2 Nb4 13. Qb3 c5 14. a3 Nc6
15. Qb5 Nd4 16. Bxd4 exd4 17. Bd3 b6 18. Qb3 Qc7 19. Nd2 Bg5 20. Qc2 Re8 21. g3
Bxd2 22. Qxd2 Bb7 23. Rae1 Re7 24. Qf4 Qc6 25. f3 a6 26. h4 f6 27. Kf2 Kg7 28.
b3 h6 29. Qd2 Rae8 30. h5 g5 31. g4 Bc8 32. Rc1 Qd6 33. Kg2 Bd7 34. a4 Rb8 35.
Ra1 b5 36. axb5 axb5 37. Ra7 bxc4 38. Bxc4 Be6 39. Rxe7+ Qxe7 40. Qd3 Bxc4 41.
Qxc4 Qa7 1/2-1/2

[Event "5. OPEN International Championship of Vo"]
[Site "Novi Sad - MASTER CENTAR - SAJ"]
[Date "2014.07.14"]
[Round "4.15"]
[White "Ratkovic, Miloje"]
[Black "Tisma, Ivan"]
[Result "1/2-1/2"]
[WhiteElo "2383"]
[BlackElo "2095"]
[PlyCount "113"]
[EventDate "2014.07.12"]

1. d4 Nf6 2. Nf3 g6 3. e3 Bg7 4. Be2 O-O 5. O-O d6 6. c4 c6 7. Nc3 a6 8. a4 a5
9. b3 Na6 10. Bb2 Nd7 11. Na2 Qb6 12. Bc3 Nb4 13. Nxb4 axb4 14. Bb2 e5 15. Qc2
Re8 16. Rfd1 c5 17. dxe5 dxe5 18. Ng5 Qc7 19. Ne4 Ra6 20. Nd2 f5 21. Nf1 Nf8
22. Rd2 Rd8 23. Rad1 Rad6 24. Qc1 Rxd2 25. Nxd2 Be6 26. Qa1 h6 27. f3 Rd7 28.
Nf1 Rxd1 29. Bxd1 Bc8 30. Bc2 Ne6 31. Ng3 Qd6 32. Qb1 Nd8 33. Nf1 Nc6 34. Qe1
Kf7 35. Ng3 Bd7 36. Nh1 Bf6 37. Nf2 h5 38. g4 hxg4 39. fxg4 e4 40. Bxf6 Qxf6
41. gxf5 gxf5 42. Bd1 Ne5 43. Qd2 Bc6 44. Bh5+ Ke7 45. Bd1 Qg7+ 46. Kf1 Nf3 47.
Bxf3 exf3 48. Nd3 Qa1+ 49. Qe1 Qa2 50. Qh4+ Ke8 51. Qh8+ Ke7 52. Qe5+ Kd8 53.
Qb8+ Ke7 54. Qc7+ Ke8 55. Qe5+ Kd8 56. Qb8+ Ke7 57. Qe5+ 1/2-1/2

[Event "5. OPEN International Championship of Vo"]
[Site "Novi Sad - MASTER CENTAR - SAJ"]
[Date "2014.07.14"]
[Round "4.16"]
[White "Strebkovs, Andrejs"]
[Black "Elez, Nikola"]
[Result "1-0"]
[WhiteElo "2357"]
[BlackElo "2207"]
[PlyCount "119"]
[EventDate "2014.07.12"]

1. d4 d6 2. e4 Nf6 3. Nc3 c6 4. Nge2 Nbd7 5. f3 e5 6. Be3 Be7 7. Qd2 O-O 8. g4
exd4 9. Nxd4 Ne5 10. Be2 d5 11. g5 Nh5 12. exd5 cxd5 13. O-O-O a6 14. f4 Nc4
15. Bxc4 dxc4 16. Qe2 g6 17. Qxc4 Qa5 18. Nd5 Bd6 19. Nb3 Qd8 20. Nb6 Be6 21.
Qa4 Rb8 22. Bc5 Bxf4+ 23. Kb1 Qxg5 24. Bxf8 Rxf8 25. h4 Qe7 26. Nd5 Bxd5 27.
Rxd5 Bh6 28. Rd7 Qf6 29. Qd4 Qf3 30. Qd5 Qxd5 31. Rxd5 Nf6 32. Rd6 Kg7 33. Nc5
Be3 34. Rxf6 Kxf6 35. Nd7+ Ke7 36. Nxf8 Kxf8 37. Rf1 g5 38. hxg5 Bxg5 39. Rh1
h6 40. c4 f5 41. Kc2 Ke7 42. Kd3 Kd6 43. b4 b6 44. Rf1 Ke5 45. Re1+ Kd6 46. Re8
Kc6 47. Re6+ Kb7 48. Kd4 Bd2 49. a3 Bc1 50. a4 Bd2 51. c5 bxc5+ 52. bxc5 h5 53.
Re5 f4 54. Rxh5 Be3+ 55. Kd5 f3 56. Rh7+ Kb8 57. Rf7 f2 58. Kd6 a5 59. c6 Bb6
60. Kd7 1-0

[Event "5. OPEN International Championship of Vo"]
[Site "Novi Sad - MASTER CENTAR - SAJ"]
[Date "2014.07.14"]
[Round "4.17"]
[White "Ujhazi, Ivan"]
[Black "Draskovic, Luka"]
[Result "1/2-1/2"]
[WhiteElo "2241"]
[BlackElo "2340"]
[PlyCount "40"]
[EventDate "2014.07.12"]

1. e4 d6 2. d4 Nf6 3. Nc3 e5 4. dxe5 dxe5 5. Qxd8+ Kxd8 6. Nf3 Bd6 7. Bc4 Ke8
8. h3 a6 9. a3 Nbd7 10. Be3 h6 11. O-O-O g6 12. Ne1 Kf8 13. Nd3 Kg7 14. f3 b6
15. g4 Bb7 16. h4 Rad8 17. Ne2 Ng8 18. Ng3 Ne7 19. h5 g5 20. Rh2 Bc6 1/2-1/2

[Event "5. OPEN International Championship of Vo"]
[Site "Novi Sad - MASTER CENTAR - SAJ"]
[Date "2014.07.14"]
[Round "4.18"]
[White "Erdogdu, Mert"]
[Black "Srdjanov, Stevan"]
[Result "1-0"]
[WhiteElo "2423"]
[BlackElo "2131"]
[PlyCount "65"]
[EventDate "2014.07.12"]

1. e4 d6 2. d4 Nf6 3. Nc3 g6 4. Bg5 Bg7 5. Qd2 h6 6. Bh4 g5 7. Bg3 Nh5 8. O-O-O
Nc6 9. Nge2 e6 10. f3 Nxg3 11. hxg3 Bd7 12. Qe3 a6 13. g4 b5 14. Ng3 Kf8 15.
Nh5 e5 16. dxe5 Nxe5 17. Nd5 Be6 18. Qc3 Bxd5 19. exd5 Bf6 20. Qe1 Ng6 21. g3
Rh7 22. Rh2 Bh8 23. Bd3 Be5 24. Bf5 Rh8 25. Qe4 Ne7 26. f4 Bg7 27. Re1 Ng8 28.
Qe3 a5 29. a3 b4 30. a4 gxf4 31. gxf4 Nf6 32. Nxg7 Kxg7 33. Qd4 1-0

[Event "5. OPEN International Championship of Vo"]
[Site "Novi Sad - MASTER CENTAR - SAJ"]
[Date "2014.07.14"]
[Round "4.19"]
[White "Popchev, Milko"]
[Black "Opacic, Alexandar"]
[Result "1-0"]
[WhiteElo "2331"]
[BlackElo "2110"]
[PlyCount "51"]
[EventDate "2014.07.12"]

1. d4 d5 2. c4 c6 3. Nf3 Nf6 4. Qc2 g6 5. Nc3 Bg7 6. e3 O-O 7. Bd2 a6 8. Be2
Bf5 9. Qb3 b5 10. cxb5 axb5 11. O-O Ne4 12. Nxe4 dxe4 13. Ne1 Be6 14. Qc2 Bd5
15. f3 f5 16. fxe4 fxe4 17. a4 Rxf1+ 18. Bxf1 Nd7 19. Qd1 bxa4 20. Rxa4 Rb8 21.
Bc3 e6 22. Nc2 Qg5 23. Ra5 Qf6 24. Qe1 Rf8 25. Nb4 Bh6 26. Ra7 1-0

[Event "5. OPEN International Championship of Vo"]
[Site "Novi Sad - MASTER CENTAR - SAJ"]
[Date "2014.07.14"]
[Round "4.20"]
[White "Doric, Nenad"]
[Black "Kozomora, Dragan"]
[Result "1-0"]
[WhiteElo "2316"]
[BlackElo "2105"]
[PlyCount "83"]
[EventDate "2014.07.12"]

1. e4 c6 2. c4 d5 3. cxd5 cxd5 4. exd5 Nf6 5. Nc3 g6 6. Bc4 Bg7 7. Nf3 O-O 8.
O-O Nbd7 9. d3 Nb6 10. Qb3 a6 11. Be3 Nbd7 12. a4 Ng4 13. Bf4 Nge5 14. Nxe5
Nxe5 15. Rfe1 Nxc4 16. dxc4 Bf5 17. Qxb7 Rc8 18. Qxa6 Bd3 19. Qb7 Rxc4 20. Be5
Bxe5 21. Rxe5 Rc7 22. Qb4 Rd7 23. Rae1 Re8 24. h3 Qc7 25. Qd4 f6 26. R5e3 Bf5
27. Ne4 Bxe4 28. Qxe4 Qb7 29. Qe6+ Kf8 30. d6 Qc8 31. dxe7+ Kg7 32. Rf3 f5 33.
Rfe3 Qb7 34. b4 Kh6 35. Qf7 Qb8 36. Re6 Rd4 37. a5 Rxb4 38. Rb6 Rxb6 39. axb6
f4 40. b7 f3 41. Qxe8 Qxe8 42. b8=Q 1-0

[Event "5. OPEN International Championship of Vo"]
[Site "Novi Sad - MASTER CENTAR - SAJ"]
[Date "2014.07.14"]
[Round "4.21"]
[White "Manojlovic, Sava"]
[Black "Pantelic, Sasa"]
[Result "0-1"]
[WhiteElo "2141"]
[BlackElo "2312"]
[PlyCount "80"]
[EventDate "2014.07.12"]

1. Nf3 Nf6 2. d4 g6 3. g3 Bg7 4. Bg2 O-O 5. O-O d6 6. c4 Nc6 7. d5 Na5 8. Nbd2
c5 9. Qc2 a6 10. Rb1 b5 11. b3 Rb8 12. a3 bxc4 13. bxc4 Rxb1 14. Qxb1 Qc7 15.
Qc2 Bd7 16. Bb2 Bf5 17. Qa4 Ne4 18. Bxg7 Kxg7 19. Nxe4 Bxe4 20. Nd2 Bf5 21. e4
Bd7 22. Qc2 e5 23. f4 f6 24. Bf3 Rb8 25. Rc1 Nb7 26. Qd3 Nd8 27. Qc3 Nf7 28.
Rb1 Rxb1+ 29. Nxb1 exf4 30. gxf4 g5 31. fxg5 Nxg5 32. Nd2 Be8 33. Bg4 Bg6 34.
Bf5 Qe7 35. h4 Nf7 36. Be6 Ne5 37. Qg3 Kh8 38. Nf3 Qg7 39. Nd2 Qh6 40. Qf2 Kg7
0-1

[Event "5. OPEN International Championship of Vo"]
[Site "Novi Sad - MASTER CENTAR - SAJ"]
[Date "2014.07.14"]
[Round "4.22"]
[White "Milenkovic, Zoran"]
[Black "Ratkovic, Milovan"]
[Result "0-1"]
[WhiteElo "2127"]
[BlackElo "2295"]
[PlyCount "46"]
[EventDate "2014.07.12"]

1. Nf3 d5 2. g3 Nc6 3. d4 Bg4 4. Bg2 Qd7 5. Ne5 Nxe5 6. dxe5 e6 7. O-O f6 8. c4
c6 9. exf6 Nxf6 10. cxd5 exd5 11. Re1 Be7 12. Qb3 O-O 13. e4 Kh8 14. e5 Ne4 15.
f3 Bc5+ 16. Be3 Bxf3 17. Bxc5 Nxc5 18. Qa3 Bxg2 19. Qxc5 b6 20. Qd4 Qh3 21. Nc3
Rae8 22. Rad1 Qf5 23. Ne2 Qf3 0-1

[Event "5. OPEN International Championship of Vo"]
[Site "Novi Sad - MASTER CENTAR - SAJ"]
[Date "2014.07.14"]
[Round "4.23"]
[White "Ratsma, Midas"]
[Black "Peovic, Milos"]
[Result "1-0"]
[WhiteElo "2123"]
[BlackElo "2281"]
[PlyCount "72"]
[EventDate "2014.07.12"]

1. d4 c5 2. d5 g6 3. c4 Bg7 4. Nf3 Nf6 5. Nc3 O-O 6. e4 d6 7. Be2 e6 8. O-O
exd5 9. cxd5 Re8 10. Nd2 Na6 11. f4 Nc7 12. Re1 Rb8 13. a4 a6 14. a5 Bd7 15.
Bf3 Bb5 16. Nxb5 axb5 17. Rb1 Na6 18. Nf1 Nd7 19. Bd2 b4 20. Qa4 Nc7 21. Ne3
Ra8 22. Qc2 Rxa5 23. Nc4 Ra6 24. Ra1 Rxa1 25. Rxa1 Bd4+ 26. Kh1 Nb8 27. Re1 b5
28. Ne3 h5 29. g4 hxg4 30. Nxg4 Qh4 31. e5 Kg7 32. Ra1 dxe5 33. fxe5 Rh8 34.
Be1 Qh3 35. Qe2 Rd8 36. Ra7 Rd7 1-0

[Event "5. OPEN International Championship of Vo"]
[Site "Novi Sad - MASTER CENTAR - SAJ"]
[Date "2014.07.14"]
[Round "4.24"]
[White "Rajkovic, Mladen"]
[Black "Gavrilovic, Leonardo"]
[Result "1-0"]
[WhiteElo "2116"]
[BlackElo "2267"]
[PlyCount "77"]
[EventDate "2014.07.12"]

1. e4 Nf6 2. e5 Nd5 3. d4 d6 4. c4 Nb6 5. exd6 cxd6 6. Nc3 g6 7. Be3 Bg7 8. Rc1
O-O 9. b3 Nc6 10. d5 Ne5 11. Be2 f5 12. f4 Nf7 13. Nf3 Nd7 14. O-O Re8 15. Nd4
Nf8 16. Bf3 Qa5 17. Qd2 a6 18. Rfd1 Bd7 19. Nce2 Qc7 20. Bf2 Bf6 21. b4 a5 22.
c5 axb4 23. c6 Bc8 24. Qxb4 Rxa2 25. Nc3 Ra6 26. Ndb5 Qb8 27. Na4 b6 28. Be2 e6
29. Na3 exd5 30. Bxa6 Bxa6 31. Nxb6 Ne6 32. Qa4 Nc7 33. Nd7 Qd8 34. Bb6 Bb2 35.
Rc2 Qh4 36. Bf2 Qg4 37. Rxb2 Kg7 38. Qd4+ Kh6 39. Nf6 1-0

[Event "5. OPEN International Championship of Vo"]
[Site "Novi Sad - MASTER CENTAR - SAJ"]
[Date "2014.07.14"]
[Round "4.25"]
[White "Jovic, Stevan"]
[Black "Petrusic, Velimir"]
[Result "1-0"]
[WhiteElo "2254"]
[BlackElo "2104"]
[PlyCount "121"]
[EventDate "2014.07.12"]

1. d4 Nf6 2. c4 d6 3. Nc3 Nbd7 4. e4 e5 5. d5 Be7 6. Be2 c6 7. Be3 Qa5 8. Qb1
cxd5 9. b4 Qd8 10. cxd5 Nf8 11. a4 Ng4 12. Bxg4 Bxg4 13. Qd3 Bd7 14. Rc1 a6 15.
Nf3 Ng6 16. g3 Bh3 17. Nd2 O-O 18. f3 Bg5 19. Nc4 Rc8 20. Ke2 Bxe3 21. Nxe3 Qg5
22. Nc4 Rcd8 23. Qe3 Qe7 24. Kd3 f5 25. Rc2 Rf6 26. Nd2 Rdf8 27. Kc4 f4 28. Qf2
fxg3 29. hxg3 b5+ 30. Kb3 bxa4+ 31. Nxa4 Bg4 32. Rc3 h6 33. Qe2 Bd7 34. Qxa6
Qe8 35. Nb6 Bb5 36. Qc8 Qe7 37. Qc7 Qxc7 38. Rxc7 R8f7 39. Rxf7 Kxf7 40. Nbc4
Ke7 41. Ra1 Bxc4+ 42. Kxc4 Nf8 43. g4 Nd7 44. Ra7 Rf8 45. b5 g6 46. Kb4 h5 47.
gxh5 gxh5 48. Ra1 h4 49. Rh1 Rh8 50. Nc4 h3 51. Ne3 Nc5 52. Ng4 Nd3+ 53. Kc4
Nf4 54. b6 Rb8 55. Kb5 Kd7 56. Ra1 Ne2 57. Ra7+ Kc8 58. Rh7 Nd4+ 59. Ka6 Ra8+
60. Ra7 Kb8 61. Nf6 1-0

[Event "5. OPEN International Championship of Vo"]
[Site "Novi Sad - MASTER CENTAR - SAJ"]
[Date "2014.07.14"]
[Round "4.26"]
[White "Velikic, Adela"]
[Black "Meszaros, Andras"]
[Result "0-1"]
[WhiteElo "2107"]
[BlackElo "2250"]
[PlyCount "82"]
[EventDate "2014.07.12"]

1. e4 b6 2. d4 Bb7 3. Nc3 e6 4. Nf3 Bb4 5. Bd3 Nf6 6. e5 Ne4 7. Bd2 Nxd2 8.
Qxd2 Bxf3 9. gxf3 Nc6 10. Be4 f5 11. Bxc6 dxc6 12. a3 Be7 13. Rg1 g5 14. O-O-O
Qd7 15. Qe2 O-O-O 16. Kb1 Kb8 17. Na2 Rhg8 18. c4 Rg6 19. Nc3 Rh6 20. f4 Rh4
21. fxg5 Rxd4 22. f4 Qe8 23. Rgf1 a6 24. Kc2 c5 25. Qf3 c6 26. b3 Qd7 27. Qg2
Ka7 28. a4 Kb7 29. h4 Rd3 30. Qe2 Rd4 31. Rf3 Qe8 32. Rff1 Kc7 33. Qf3 Qd7 34.
Qe2 Rb8 35. Qf3 b5 36. Ne2 bxc4 37. Nxd4 cxd4 38. bxc4 c5 39. Qa3 Rb4 40. Rb1
Qc6 41. Qf3 Qxa4+ 0-1